| 000 | 03214nam0a2200409 4500 | ||
|---|---|---|---|
| 001 | RU\NLR\BIBL_A\012398453 | ||
| 005 | 20201119164116.0 | ||
| 010 |
_a978-5-6043007-7-0 _970 |
||
| 021 |
_aRU _bКН-П-20-042403 _9КН-П-20-3226 |
||
| 035 | _a(NLR Aleph) 012398453 | ||
| 035 | _a(RuMoRGB)010384720 | ||
| 090 |
_a11711759 _c11711759 |
||
| 100 | _a20201106d2020 k y0rusy50 ca | ||
| 101 | 0 |
_arus _deng |
|
| 102 | _aRU | ||
| 105 | _ay|||z|||100zy | ||
| 181 | 0 |
_ai _baxxe |
|
| 182 | 0 | _an | |
| 200 | 1 |
_aАктуальные проблемы взаимодействия общественности с органами государственной власти и органами местного самоуправления _eматериалы V Всероссийской научно-практической конференции (Саранск, 29 ноября 2019 г.) _fСредне-Волжский институт (филиал) Федерального государственного бюджетного образовательного учреждения высшего образования "Всероссийский государственный университет юстиции (РПА Минюста России)" в г. Саранске _g[редакционная коллегия: Г. П. Кулешова и др.] |
|
| 203 |
_aТекст _bвизуальный _cнепосредственный |
||
| 210 |
_aСаранск _cСредне-Волжский институт (филиал) ВГУЮ (РПА Минюста России) _d2020 |
||
| 215 |
_a248 с. _d20 |
||
| 300 | _aРез. англ. | ||
| 320 | _aБиблиогр. в конце ст. | ||
| 606 | 1 |
_aОрганы государственной власти _xВзаимодействие с общественными объединениями _yРоссийская Федерация _jСъезды, совещания и т.п _2nlr_sh1 _2nlr_sh2 _3RU\NLR\AUTH\661371787 |
|
| 606 | 1 |
_aОрганы местного самоуправления _xВзаимодействие с общественными организациями _yРоссийская Федерация _jСъезды, совещания и т.п _2nlr_sh2 _3RU\NLR\AUTH\661464526 |
|
| 686 | 1 | _aХ620.61я431 | |
| 686 | 1 | _aХ621.011.2я431 | |
| 702 | 1 |
_aКулешова _bГ. П. _gГалина Петровна _4340 |
|
| 711 | 1 | 2 |
_a"Актуальные проблемы взаимодействия общественности с органами государственной власти и органами местного самоуправления", всероссийская научно-практическая конференция _d5 _f2019 _eСаранск _3RU\NLR\AUTH\880530610 |
| 712 | 0 | 2 |
_aВсероссийский государственный университет юстиции _bСредне-Волжский институт (филиал) _cСаранск _3RU\NLR\AUTH\880442285 _4475 |
| 942 | _cBOOK | ||
| 980 | _aNBR | ||
| 980 | _aNB | ||